| 000 | 00986cam a2200301 a 4500 | ||
|---|---|---|---|
| 020 | _a9789251057292 (ringbd) | ||
| 020 | _a925105729X (ringbd) | ||
| 040 | _cDLC | ||
| 082 | _a338 FAO 2007 C136 Or. | ||
| 245 | 0 | 0 | _aFAO biosecurity toolkit. |
| 260 |
_aRome, Italy : _bBiosecurity Priority Area for Interdisciplinary Action, Food and Agriculture Organization of the United Nations, _c2007. |
||
| 300 |
_axi, 128 p. : _bill. ; _c30 cm. |
||
| 650 | 0 | _aHealth risk assessment | |
| 650 | 0 | _aHazard mitigation | |
| 650 | 0 | _aBiochemical toxicology | |
| 650 | 0 | _aHazardous substances | |
| 650 | 0 | _aHazardous substances | |
| 650 | 0 | _aEnvironmental risk assessment | |
| 650 | 0 | _aFood | |
| 650 | 0 | _aFood contamination | |
| 650 | 0 | _aGlobalization | |
| 650 | 0 | _aPublic health | |
| 650 | 0 | _aCommunicable diseases | |
| 650 | 0 | _aEnvironmental health | |
| 650 | 0 | _aEcological risk assessment | |
| 710 | 2 | _aFood and Agriculture Organization of the United Nations. | |
| 942 | _cAEDBB | ||
| 999 |
_c21090 _d21090 |
||